00263nam a2200097 a 4500008004100000050001500041100001700056245007200073260001100145350000900156120416s9999 ||||||||||||||||| || u aNA 440 Fra aFrankl, Paul10aGothic architecturec[translated from the German by Dieter Pevsher] a[1962] a0.00